Pakistan's western borderlands : the transformation of a political order (Record no. 69851)

000 -LEADER
fixed length control field 00533nam a22001817a 4500
003 - CONTROL NUMBER IDENTIFIER
control field NUST - PNEC
005 - DATE AND TIME OF LATEST TRANSACTION
control field 20170116181128.0
008 - FIXED-LENGTH DATA ELEMENTS--GENERAL INFORMATION
fixed length control field 151006b xxu||||| |||| 00| 0 eng d
020 ## - INTERNATIONAL STANDARD BOOK NUMBER
International Standard Book Number -
040 ## - CATALOGING SOURCE
Transcribing agency LIBRARY
082 ## - DEWEY DECIMAL CLASSIFICATION NUMBER
Classification number 320.95491504 EMB
100 ## - MAIN ENTRY--PERSONAL NAME
9 (RLIN) 13820
Personal name Embree, Ainslie Thomas
245 ## - TITLE STATEMENT
Title Pakistan's western borderlands : the transformation of a political order
Statement of responsibility, etc. Ainslie Thomas Embree
250 ## - EDITION STATEMENT
Edition statement 1st ed.
260 ## - PUBLICATION, DISTRIBUTION, ETC.
Date of publication, distribution, etc. c.1977
650 ## - SUBJECT ADDED ENTRY--TOPICAL TERM
9 (RLIN) 13822
Topical term or geographic name entry element Pakistan--Khyber Pakhtunkhwa
General subdivision General books
942 ## - ADDED ENTRY ELEMENTS (KOHA)
Source of classification or shelving scheme
Koha item type Book
Holdings
Withdrawn status Lost status Source of classification or shelving scheme Damaged status Not for loan Permanent Location Current Location Shelving location Date acquired Total Checkouts Full call number Barcode Date last seen Price effective from Koha item type
          Pakistan Navy Engineering College (PNEC) Pakistan Navy Engineering College (PNEC)       320.95491504 EMB PNECLIB-006241 10/06/2015   Book
          Pakistan Navy Engineering College (PNEC) Pakistan Navy Engineering College (PNEC)       320.95491504 EMB PNECLIB-006376 10/12/2015   Book
© 2023 Central Library, National University of Sciences and Technology. All Rights Reserved.